|
|
|
|
| LEADER |
00000nab#a22000007a#4500 |
| 001 |
arbauad000399 |
| 003 |
AR-BaUAD |
| 005 |
20250711110357.0 |
| 008 |
930531|||||||||###||||||b###|0###a|spa|| |
| 040 |
|
|
|a AR-BaUAD
|c AR-BaUAD
|b spa
|
| 100 |
|
|
|a Aldarondo, Ricardo
|
| 245 |
|
|
|a La tentación de Shakespeare /
|c Ricardo Aldarondo;
|
| 300 |
0 |
|
|b fot.
|
| 500 |
|
|
|a Incluye comentarios sobre adaptaciones de la obra shakesperiana llevadas al cine por Ernst Lubitsch, George Cukor, Grigori Kozintsev, Joseph L. Mankiewicz y Kenneth Branagh.
|
| 653 |
|
|
|a SHAKESPEARE, WILLIAM
|
| 653 |
|
|
|a ADAPTACIONES
|
| 653 |
|
|
|a CINE
|
| 653 |
|
|
|a LUBITSCH, ERNST
|
| 653 |
|
|
|a CUKOR, GEORGE
|
| 653 |
|
|
|a KOZINTSEV, GRIGORI
|
| 653 |
|
|
|a MANKIEWICZ, JOSEPH
|
| 653 |
|
|
|a BRANAGH, KENNETH
|
| 773 |
0 |
|
|t NOSFERATU
|g no. 8 [feb. 1992], p. 20-27
|
| 942 |
|
|
|c ARTI
|
| 952 |
|
|
|0 0
|1 0
|4 0
|7 0
|9 45320
|a AR-BAuAD
|b AR-BAuAD
|d 2025-07-11
|l 0
|p AAQA000399
|r 2025-07-11 11:03:57
|w 2025-07-11
|y ARTI
|
| 990 |
|
|
|a C199
|b TD
|
| 990 |
|
|
|a L199
|b TD
|
| 998 |
|
|
|a AAQ
|b BIBUN76
|
| 999 |
|
|
|c 24993
|d 24993
|